Music Quiz

Random Music Quiz

Margaritaville Lyrics Quiz Stats

 Plays Quiz not verified by Sporcle

Score 0/204 Timer 10:00
0 Plays Today
% Correct
my
98.1%
my
98.1%
in
98.1%
my
98.1%
in
98.1%
my
98.1%
my
98.1%
my
98.1%
my
98.1%
in
98.1%
in
98.1%
my
98.1%
my
98.1%
my
98.1%
the
97.5%
a
97.5%
the
97.5%
a
97.5%
a
97.5%
a
97.5%
a
97.5%
a
97.5%
the
97.5%
and
97.5%
a
97.5%
and
97.5%
a
97.5%
and
97.5%
again
96.8%
Margaritaville,
96.8%
again
96.8%
Margaritaville,
96.8%
again
96.8%
Margaritaville,
96.8%
away
96.2%
away
96.2%
away
96.2%
to
95.6%
of
95.6%
to
95.6%
to
95.6%
of
95.6%
to
95.6%
to
95.6%
of
95.6%
to
95.6%
to
95.6%
Wastin'
94.3%
for
94.3%
it
94.3%
Wastin'
94.3%
for
94.3%
it
94.3%
it
94.3%
Wastin'
94.3%
for
94.3%
on
93%
on
93%
there's
93%
but
93%
it's
93%
fault.
93%
but
93%
But
93%
it's
93%
there's
93%
fault.
93%
on
93%
% Correct
on
93%
But
93%
there's
93%
on.
93%
there's
93%
but
93%
it's
93%
fault.
93%
there's
93%
it's
93%
fault.
93%
woman
92.4%
blame,
92.4%
know
92.4%
know
92.4%
woman
92.4%
blame.
92.4%
woman
92.4%
blame,
92.4%
know
92.4%
woman
92.4%
blame,
92.4%
know
92.4%
searchin
91.8%
searchin
91.8%
searchin
91.8%
shaker
91.1%
Some
91.1%
shaker
91.1%
Some
91.1%
shaker
91.1%
Some
91.1%
some
91.1%
lost
90.5%
salt.
90.5%
people
90.5%
lost
90.5%
salt.
90.5%
people
90.5%
that
90.5%
that
90.5%
lost
90.5%
salt.
90.5%
people
90.5%
that
90.5%
people
90.5%
that
90.5%
own
86.7%
damn
86.7%
own
86.7%
damn
86.7%
claim
85.4%
claim
85.4%
claim
85.4%
claim,
85.4%
be
84.8%
me
84.2%
all
82.3%
with
82.3%
all
82.3%
with
82.3%
sun
80.4%
Mexican
77.2%
here
76.6%
here,
76.6%
covered
75.9%
oil.
75.3%
cutie.
75.3%
% Correct
real
74.7%
beauty,
74.7%
stepped
74.7%
hang
74.7%
watchin
74.1%
concoction
74.1%
helps
74.1%
sponge
73.4%
cake,
73.4%
bake
73.4%
blender,
73.4%
haven't
72.8%
clue.
72.8%
cut
72.8%
frozen
72.8%
this
72.2%
tattoo.
72.2%
nothing
71.5%
new
71.5%
How
71.5%
booze
71.5%
got
70.9%
flip-flop,
70.9%
will
70.9%
nobody's
70.3%
brand
69.6%
soon
69.6%
don't
68.4%
reason
68.4%
season,
68.4%
render,
68.4%
out
67.7%
those
67.1%
those
67.1%
could
67.1%
pop-top,
67.1%
tourists
66.5%
blew
65.2%
front
64.6%
porch
64.6%
home.
64.6%
back
63.9%
stayed
63.3%
Strummin
62.7%
had
62.7%
swing.
62%
show
62%
six-string,
61.4%
I
61.4%
I
61.4%
I
61.4%
I
61.4%
I
61.4%
I
61.4%
I
61.4%
I
61.4%
cruise
59.5%
think,
58.9%
shrimp,
57.6%
nibblin
56.3%
heel,
55.7%
boil.
54.4%
Smell
53.8%
beginning
50.6%
they're
49.4%
hell
45.6%
Now
41.8%
Yes,
41.1%

You're not logged in!

Compare scores with friends on all Sporcle quizzes.
OR
Log In

You Might Also Like...

Show Comments

Extras

Created Mar 5, 2012SourceReportNominate
Tags:margaritaville

Top Quizzes Today


Score Distribution

Your Account Isn't Verified!

In order to create a playlist on Sporcle, you need to verify the email address you used during registration. Go to your Sporcle Settings to finish the process.

Report this User

Report this user for behavior that violates our Community Guidelines.

Details: